000
00298nam a2200121Ia 4500
008
170620s9999 xx 000 0 und d
100
_a
SIDDHIQUI - ANEES AHMAD
245
0
_a
PHARMACEUTICAL CHEMISTRY
260
_b
TARA PUB DELHI
260
_c
2007
300
_a
214
546
_a
English
690
_a
PHARMACEUTICAL CHEMISTRY
999
_c
30937
_d
30937